| 000 | 02047cam a2200289 4500500 | ||
|---|---|---|---|
| 005 | 20260222011930.0 | ||
| 041 | _afre | ||
| 042 | _adc | ||
| 100 | 1 | 0 |
_aPouteyo, Michaël _eauthor |
| 245 | 0 | 0 | _aLouis Le Guillant et l’enfant en marge : une autre histoire de la clinique |
| 260 | _c2024. | ||
| 500 | _a40 | ||
| 520 | _aA doctor trained under Georges Heuyer, Louis Le Guillant is also a disciple of Henri Wallon; psychiatrist attached to scientific research as much as to the dissemination of knowledge, techniques and practical attempts that result from it, his institutional functions at the end of the war made him a man of synthesis in an environment in full turmoil. His particular conception of the clinic, based on scientific research, practical experimentation and a constant on-site questioning of the individual – of the child as well as of the psychiatrist – in society. | ||
| 520 | _aMédecin formé auprès de Georges Heuyer, Louis Le Guillant est aussi un disciple de Henri Wallon ; psychiatre attaché à la recherche scientifique autant qu’à la diffusion des connaissances, des techniques et des tentatives pratiques qui en découlent, ses fonctions institutionnelles à la sortie de la guerre en font un homme de synthèse dans un environnement en pleine ébullition. Sa conception particulière de la clinique, appuyée sur la recherche scientifique, l’expérimentation pratique et une interrogation constante sur la place de l’individu – de l’enfant comme du psychiatre – dans la société. | ||
| 690 | _aclinique | ||
| 690 | _aenfance inadaptée | ||
| 690 | _aLe Guillant | ||
| 690 | _amatérialisme | ||
| 690 | _apsychiatrie infantile | ||
| 690 | _achild psychiatry | ||
| 690 | _aclinic | ||
| 690 | _aLe Guillant | ||
| 690 | _amaladjusted childhood | ||
| 690 | _amaterialism | ||
| 786 | 0 | _nL'irrégulière | 26 | 1 | 2024-09-23 | p. 125-138 | 1962-9419 | |
| 856 | 4 | 1 | _uhttps://shs.cairn.info/revue-d-histoire-de-l-enfance-irreguliere-2024-1-page-125?lang=fr&redirect-ssocas=7080 |
| 999 |
_c1670037 _d1670037 |
||